Trastornos psicopatológicos y comportamentales en el retardo mental / (Record no. 175257)

MARC details
000 -CABECERA
campo de control de longitud fija 00874nam a2200253 a 4500
005 - FECHA Y HORA DE LA ÚLTIMA TRANSACCIÓN
campo de control 20250405063829.0
008 - ELEMENTOS DE LONGITUD FIJA--INFORMACIÓN GENERAL
campo de control de longitud fija 150429s2006 mx r 000 0 spa d
020 ## - NÚMERO INTERNACIONAL NORMALIZADO PARA LIBROS
Número Internacional Estándar del Libro 9788496571419
035 ## - NÚMERO DE CONTROL DEL SISTEMA
Número de control de sistema UPN01000203156
049 ## - COLECCIÓN
Colección CG
050 #4 - SIGNATURA TOPOGRÁFICA DE LA BIBLIOTECA DEL CONGRESO
Número de clasificación RC570
Número de documento/Ítem T3.7
100 1# - ASIENTO PRINCIPAL--NOMBRE PERSONAL
Nombre de persona Tallis, Jaime
9 (RLIN) 32522
245 10 - MENCIÓN DE TÍTULO
Título Trastornos psicopatológicos y comportamentales en el retardo mental /
Mención de responsabilidad, etc. Jaime Tallis, Jorge A. Casarella, Nora Grañana.
260 ## - PUBLICACIÓN, DISTRIBUCIÓN, ETC.
Lugar de publicación, distribución, etc. Buenos Aires :
Nombre del editor, distribuidor, etc. Miño y Dávila,
Fecha de publicación, distribución, etc. 2006.
300 ## - DESCRIPCIÓN FÍSICA
Extensión 176 p. :
Otras características físicas il., fotos, cuadros
440 #0 - MENCIÓN DE SERIE/ASIENTO SECUNDARIO--TÍTULO
Título Retardo mental y educación especial
650 #0 - ASIENTO SECUNDARIO DE MATERIA - TERMINO TEMATICO
Término de materia o nombre geográfico como elemento de entrada Personas con discapacidad mental
9 (RLIN) 5134
650 #4 - ASIENTO SECUNDARIO DE MATERIA - TERMINO TEMATICO
Término de materia o nombre geográfico como elemento de entrada PERSONAS CON DISCAPACIDAD MENTAL -
Subdivisión general REHABILITACION
9 (RLIN) 13814
650 #2 - ASIENTO SECUNDARIO DE MATERIA - TERMINO TEMATICO
Término de materia o nombre geográfico como elemento de entrada Deficiencia mental
9 (RLIN) 10638
700 1# - ASIENTO SECUNDARIO--NOMBRE DE PERSONAL
Nombre de persona Casarella, Jorge,
Término indicativo de función/relación coaut.
700 1# - ASIENTO SECUNDARIO--NOMBRE DE PERSONAL
Nombre de persona Grañana, Nora,
Término indicativo de función/relación coaut.
905 ## - TIPO DE MATERIAL
Tipo de material Libro
Holdings
Estado de retiro Estado de pérdida Fuente del sistema de clasificación o colocación Estado dañado No para préstamo Código de colección Localización permanente Ubicación/localización actual Ubicación en estantería Total de préstamos Clasificación Código de barras Fecha visto por última vez Número de copia Tipo de ítem Koha Renovaciones totales Fecha del último préstamo
    Library of Congress Classification     Colección General Bib. Gregorio Torres Quintero Bib. Gregorio Torres Quintero Planta baja   RC570 T3.7 304025 31/12/2020 1 Libro    
    Library of Congress Classification     Colección General Bib. Gregorio Torres Quintero Bib. Gregorio Torres Quintero Planta baja 3 RC570 T3.7 304024 31/12/2020 1 Libro    
    Library of Congress Classification     Colección General Bib. Gregorio Torres Quintero Bib. Gregorio Torres Quintero Planta baja 4 RC570 T3.7 304023 22/09/2025 1 Libro 1 18/08/2025